Statistiques concernant NRJ Music Awards 2015 - Les gagnants

Cliquez ici pour prendre le quiz!

Statistiques générales

  • Ce quiz a été pris 7 fois
  • Le résultat moyen est 3 sur 16

Statistiques - réponses

HintRéponse% Correct
Artiste masculin francophoneM. Pokora
71%
Award d'honneur (Féminine Britanique)Adele
57%
Artiste féminine francophoneShy'm
57%
Artiste masculin internationalEd Sheeran
43%
DJ de l'annéeDavid Guetta
29%
Award d'honneur (Masculin Canadien)Justin Bieber
29%
Révélation françaiseLouane
29%
Award d'honneur (Masculin Français)Charles Aznavour
14%
Award d'honneur (Masculin Britanique)Sting
14%
Clip de l'annéeBad Bloom (Taylor Swift)
0%
Chanson françaiseConmigo (Kendji Girac)
0%
Révélation internationaleEllie Goulding
0%
Groupe/duo francophoneFréro Delavega
0%
Groupe/duo internationaleMaroon 5
0%
Chanson internationaleSee You Again (Wiz Khalifa feat Charlie Puth)
0%
Artiste féminine internationaleTaylor Swift
0%

Distribution des résultats

Percentile par nombre de réponses

% des personnes avec chaque résultat

Votre développement - résultats

Vous n’avez pas pris ce quiz